000 00579nam a2200181Ia 4500
008 151202s9999||||xx |||||||||||||| ||und||
082 _bPNVM-40788
100 _aविद्यानंद.
245 _aउपनिषद बोध.
260 _b"स्वामी विद्यानंद सेवा मंडळ,पुणे."
260 _c1995
300 _a186
600 _aविद्यानंद.
630 _aउपनिषद बोध.
700 _aविद्यानंद.
730 _aउपनिषद बोध.
942 _cBOOK
999 _c1306740
_d1306737